Handwörterbuch der Landeskunde des Königreichs Böhmen : mit einer Special-Karte von Böhmen /

Hlavní autor: Rainold, Karl Eduard, 1790-1835
Další autoři: Watterich z Watterichsburgu, Bedřich Karel, 1806-1866
Jazyk: Němčina
Vydáno: Prag : Medau, 1845
Vydání: 2. ganzlich umgearb., verb. und bedentend verm. Aufl. von C.E. Rainold's Reisetaschenlexikon
Témata:
Fyzický popis: 16, 1264 s.
Knihy
Uloženo v:
LEADER 00928nam a2200229 a 4500
001 000690398
003 CZ BrMZK
005 20031020143516.0
007 ta
008 031001s1845 xr f ger d
040 |a BOA001  |b cze  |c BOA001 
100 1 |a Rainold, Karl Eduard,  |d 1790-1835  |7 ola2002159451  |4 aut 
245 1 0 |a Handwörterbuch der Landeskunde des Königreichs Böhmen :  |b mit einer Special-Karte von Böhmen /  |c Karl Eduard Rainold ; von F.C. Watterich von Watterichsburg 
250 |a 2. ganzlich umgearb., verb. und bedentend verm. Aufl. von C.E. Rainold's Reisetaschenlexikon 
260 |a Prag :  |b Medau,  |c 1845 
300 |a 16, 1264 s. 
700 1 |a Watterich z Watterichsburgu, Bedřich Karel,  |d 1806-1866  |7 jx20070801009  |4 aut 
910 |a BOA001  |b 2-0084.382 
964 |a Bohemika - stol. 19. 
990 |a BK 
993 |a Y 
996 6 |b BC-123130  |c 2-0084.382  |l MZK  |r Sklad / do 24 hodin  |n 0  |w 000690398  |u 000010  |a 1  |e BOA001  |j MZK50  |s P